Makroekonomičeskije vzaimosvjazi formirovanija ekonomiki znanij v JES v postkrizisnyj period

Charakteristika vedomostnej ekonomiky. Od Lisabonskej steratégie po program Európa 2020. Päť hlavných cieľov programu. Verejné financie a hľadanie východísk z krízy. Pakt euro plus.

Na minha lista:
Detalhes bibliográficos
Autor principal: Gonda, Vladimír
Formato: Capítulo de Livro
Idioma:russo
Assuntos:
Tags: Adicionar Tag
Sem tags, seja o primeiro a adicionar uma tag!

MARC

LEADER 00000naa a2200000 4500
001 0146945
005 20240502083339.7
041 0 |a rus 
044 |a RU 
245 1 0 |a Makroekonomičeskije vzaimosvjazi formirovanija ekonomiki znanij v JES v postkrizisnyj period  |c Vladimír Gonda 
520 |a Charakteristika vedomostnej ekonomiky. Od Lisabonskej steratégie po program Európa 2020. Päť hlavných cieľov programu. Verejné financie a hľadanie východísk z krízy. Pakt euro plus. 
610 2 0 |a ekonomika vedomostná 
610 2 0 |a Európska únia 
610 2 0 |a spolupráca hospodárska medzinárodná 
610 2 0 |a eurozóna 
610 2 0 |a euro 
610 2 0 |a kríza finančná 
610 2 0 |a financie verejné 
100 1 |a Gonda, Vladimír